000 00505nam a22001817a 4500
003 OSt
005 20140310182044.0
008 130816t xxu||||| |||| 00| 0 eng d
050 _aDS 591.5
_b.M239 1995
082 _aHS 959.5
_bHo67 1995
245 _aMalaysia :
_binsight guides /
_cHans Hofer
260 _aSingapore :
_bAPA Pub.,
_cc1995.
300 _a361 p. :
_bcol. ill. ;
_c23 cm.
650 _aMalaysia--
_xdescription and travel.
_911416
942 _2lcc
_cHS
999 _c8835
_d8835